000 01131nam0a2200313 4500
001 RU\NLR\bibl\1403428
005 20260406152329.0
010 _a978-5-9776-0124-5
_91000
021 _aRU
_b2009-85757
_95400
035 _a(NLR Aleph) 001395427
090 _a1188845
_c1188845
100 _a20090821d2009 |||y0rusy50 ca
101 0 _arus
102 _aRU
105 _aac |||||||||
200 1 _aПатологические процессы в экономике
_fК.В. Павлов
210 _aМосква
_cМагистр
_d2009
215 _a460, [1] с.
_cил., портр.
_d22
300 _aНа 459-й с. авт.: К.В. Павлов, д.э.н., проф.
320 _aБиблиогр. в конце гл.
606 1 _aПатоэкономика
_91713684
_3RU\NLR\auth\661061514
686 _aУ010
686 _aУ9(2)-17(2Р)
700 1 _4070
_8rus
_7ca
_aПавлов
_bК. В.
_f1957-
_cд-р экон. наук
_gКонстантин Викторович
_3RU\NLR\auth\775866
_9115825
801 0 _aRU
_bNLR
_c20090821
_gRCR
801 1 _aRU
_bNLR
_c20090821
942 _cBOOK
980 _aNB